000 00738cab a2200253 4500
001 WB3007-45
008 090401t1994 xxu||||| |||| 00| 0 eng d
035 _a(Sirsi) u71652
041 _aeng
245 _aRICS General Council
260 _c1994
350 _a0
490 _aEstates Gazette
_v(9406) 12 February 1994, 28(3)
520 _aReport of key points discussed at the RICS General Council on 7 February 1994.
650 _aARBITRATIONS
650 _aFIG
650 _aMEMBERSHIP
650 _aPROFESSIONAL INDEMNITY INSURANCE
650 _aMANAGEMENT-PROJECT MANAGEMENT
650 _aRICS GENERAL COUNCIL
690 _aMANAGEMENT-BUSINESS MANAGEMENT-PROFESSIONAL PRACTICE
942 _n0
948 _c04/03/1997
999 _c45200
_d45200